书目信息 |
| 题名: |
剧院与展馆
|
|
| 作者: | 张平青 , 杨维 , 林建群 主编 ;边卓 翻译 | |
| 分册: | ||
| 出版信息: | 哈尔滨 哈尔滨工业大学出版社 2007 |
|
| 页数: | 119页 | |
| 开本: | 37cm | |
| 丛书名: | 感受经典系列丛书 | |
| 单 册: | ||
| 中图分类: | TU242.2-64 , TU242.5-64 , TU242.2 | |
| 科图分类: | ||
| 主题词: | 展览馆--建筑设计--欧洲--19世纪--图集 , 剧院 , 剧院--建筑设计--欧洲--19世纪--图集 , 展览馆 , 建筑设计 | |
| 电子资源: | ||
| ISBN: | 7-5603-2347-2 | |
| 000 | 01172oam2 2200361 450 | |
| 001 | 010090002843 | |
| 005 | 20070806094917.51 | |
| 010 | @a7-5603-2347-2@dCNY58.00 | |
| 100 | @a20061016d2007 em y0chiy0110 ea | |
| 101 | 0 | @achi |
| 102 | @aCN@b230000 | |
| 105 | @aa z 000yy | |
| 106 | @ad | |
| 200 | 1 | @a剧院与展馆@9ju yuan yu zhan guan@f林建群,张平青,杨维主编@g边卓翻译 |
| 210 | @a哈尔滨@c哈尔滨工业大学出版社@d2007 | |
| 215 | @a119页@c图@d37cm | |
| 225 | 2 | @a感受经典系列丛书 |
| 330 | @a本书以大量的图片资料介绍了19世纪俄罗斯、欧洲以及美洲部分比较知名的剧院和音乐厅、俱乐部等内容,其中也包括一部分设计竞赛方案。 | |
| 461 | 0 | @12001 @a感受经典系列丛书@1701 0@a林建群@4总主编 |
| 606 | 0 | @a展览馆@x建筑设计@y欧洲@z19世纪@j图集 |
| 606 | 0 | @a剧院 |
| 606 | 0 | @a剧院@x建筑设计@y欧洲@z19世纪@j图集 |
| 606 | 0 | @a展览馆 |
| 606 | 0 | @a建筑设计 |
| 690 | @aTU242.2-64@v4 | |
| 690 | @aTU242.5-64@v4 | |
| 690 | @aTU242.2@v3 | |
| 701 | 0 | @a张平青@9zhang ping qing@4主编 |
| 701 | 0 | @a杨维@9yang wei@4主编 |
| 701 | 0 | @a林建群@9lin jian qun@4主编 |
| 702 | 0 | @a边卓@9bian zhuo@4翻译 |
| 801 | 0 | @aCN@bRENTIAN@c20070806 |
| 905 | @a10447@dTU242.2@e423 | |
| 剧院与展馆/林建群,张平青,杨维主编/边卓翻译.-哈尔滨:哈尔滨工业大学出版社,2007 |
| 119页:图;37cm.-(感受经典系列丛书) |
| ISBN 7-5603-2347-2:CNY58.00 |
| 本书以大量的图片资料介绍了19世纪俄罗斯、欧洲以及美洲部分比较知名的剧院和音乐厅、俱乐部等内容,其中也包括一部分设计竞赛方案。 |
| ● |
| 相关链接 |
|
|
|
|
正题名:剧院与展馆
索取号:TU242.2/423
 
预约/预借
| 序号 | 登录号 | 条形码 | 馆藏地/架位号 | 状态 | 备注 |
| 1 | 0807133 | 208071334 | 第二样本阅览室/ [索取号:TU242.2/423] | 在馆 | |
| 2 | 0807134 | 208071343 | 第三借阅区/ [索取号:TU242.2/423] | 在馆 | |
| 3 | 0807135 | 208071352 | 第三借阅区/ [索取号:TU242.2/423] | 在馆 | |
| 4 | 0807136 | 208071361 | 第三借阅区/ [索取号:TU242.2/423] | 在馆 | |
| 5 | 0807137 | 208071370 | 第三借阅区/ [索取号:TU242.2/423] | 在馆 |